The Ratite encyclopedia : ostrich, emu, rhea /

Bibliographic Details
Other Authors: Drenowatz, Claire
Format: Book
Language:English
Published: San Antonio, Tx : Ratite Records, [1995]
Subjects:

MARC

Tag First Indicator Second Indicator Subfields
LEADER 00000cam a2200000 a 4500
001 in00001320002
005 20151005085829.0
008 960130s1995 txua 001 0 eng d
010 |a  95072092  
020 |z 0064294028 :  |c $84.95 
035 |a (OCoLC)34106315 
035 |9 AHE0610AM 
040 |a SAP  |c SAP  |d SMI  |d OCL  |d AGL  |d TXA  |d UtOrBLW 
049 |a TXAM 
070 0 |a SF511.R23  |b 1995 
072 0 |a L100 
090 |a SF511  |b .R23 1995 
092 |a 636.6  |b RATITE 
245 0 4 |a The Ratite encyclopedia :  |b ostrich, emu, rhea /  |c Claire Drenowaltz, editor. 
264 1 |a San Antonio, Tx :  |b Ratite Records,  |c [1995] 
264 4 |c ©1995 
300 |a ix, 478 pages :  |b illustrations, some color ;  |c 29 cm. 
336 |a text  |b txt  |2 rdacontent 
337 |a unmediated  |b n  |2 rdamedia 
338 |a volume  |b nc  |2 rdacarrier 
504 |a Includes bibliography and index. 
650 0 |a Ratites. 
650 0 |a Ostrich farms. 
650 0 |a Ostriches. 
700 1 |a Drenowatz, Claire. 
999 |a MARS 
999 f f |s 4150d96b-0d35-3d23-8310-f3959befc96c  |i 333bc0fa-0f38-38da-ab1b-6e9e76150f99  |t 0 
952 f f |p ric  |a Texas A&M University  |b Rellis Campus  |c Joint Library Facility  |d Remote Storage  |t 0  |e SF511 .R23 1995  |h Library of Congress classification  |i unmediated -- volume  |m A14821054590 
998 f f |a SF511 .R23 1995  |t 0  |l Remote Storage